All NBA teams - Statistics

General Stats
  • This quiz has been taken 55 times
  • The average score is 5 of 5
Answer Stats
Hint Respuesta % Correct
2023 1º Joel Embiid
98%
2023 1º Giannis Antetokounmpo
96%
2023 1º luka doncic
90%
2023 1º Jayson tatum
88%
2023 1º Shai Gilgeous-Alexander
79%
No matching quizzes found
Score Distribution
Percent of People with Each Score
Percentile by Number Answered
Your Score History
You have not taken this quiz